Vista normal Vista MARC

Entrada Topical Term

Número de registros utilizados en: 1

001 - CONTROL NUMBER

  • control field: 62614

003 - CONTROL NUMBER IDENTIFIER

  • control field: OSt

005 - DATE AND TIME OF LATEST TRANSACTION

  • control field: 20250820142732.0

008 - FIXED-LENGTH DATA ELEMENTS

  • fixed length control field: 250820|| aca||aabn | a|a d

040 ## - CATALOGING SOURCE

  • Original cataloging agency: OSt
  • Transcribing agency: OSt

150 ## - HEADING--TOPICAL TERM

  • Topical term or geographic name entry element: Aritmética
  • Form subdivision: curiosidades y enigmas
  • Form subdivision: literatura infantil

670 ## - SOURCE DATA FOUND

  • Source citation: Work cat.: (OSt)58180: González, Olga aut 62430, Cuenta que te cuento /









Instituto Departamental de Cultura del Meta - Red Departamental de Bibliotecas Públicas del Meta.